000 00466cam a2200169 i 4500
005 20260222134514.0
008 250721s1993 xxk gr 000 0 eng d
020 _a0723416915
082 1 4 _a616.716
_bA L O
100 1 _aAloia, John F
_eauthor.
245 1 0 _aAcolour atlas of steoporosis /
_cJohn F. Aloia.
264 3 1 _aLondon :
_bWolfe publishing,
_c1993.
300 _a128 pages.
650 1 7 _aOsteoporosis.
942 _2ddc
_cBK
999 _c83905
_d83905